[Event "10th Dolomiti Open 2019"]
[Site "Forni di Sopra"]
[Date "2019.06.22"]
[Round "9.10"]
[White "Favaloro, Andrea"]
[Black "Kumar, Nikhil"]
[Result "1/2-1/2"]
[WhiteElo "2337"]
[BlackElo "2257"]
[Annotator "NA"]
[PlyCount "47"]
[EventDate "2019.06.15"]
[EventType "swiss"]
[EventCountry "ITA"]
[SourceTitle "playchess.com"]
[Source "ChessBase"]
[SourceQuality "1"]
[TimeControl "40/5400+30:1800+30"]

1. Nf3 {[%emt 0:00:00]} Nf6 {[%emt 0:00:04]} 2. g3 {[%emt 0:00:00]} b6 {[%emt 0:00:10]} 3. Bg2 {[%emt 0:00:00]} Bb7 {[%emt 0:00:05]} 4. O-O {[%emt 0:00:00]} e6 {[%emt 0:00:05]} 5. c4 {[%emt 0:00:07]} Be7 {[%emt 0:00:17]} 6. Nc3 {[%emt 0:00:08]} O-O {[%emt 0:00:08]} 7. Re1 {[%emt 0:00:05]} d5 {[%emt 0:00:11]} 8. cxd5 {[%emt 0:00:08]} exd5 {[%emt 0:00:09]} 9. d4 {[%emt 0:00:07]} Nbd7 {[%emt 0:00:34]} 10. b3 {[%emt 0:01:01]} Rc8 {[%emt 0:03:34]} 11. Bb2 {[%emt 0:00:35]} c5 {[%emt 0:00:25]} 12. dxc5 {[%emt 0:00:10]} Nxc5 {[%emt 0:03:09]} 13. Rc1 {[%emt 0:00:45]} Nce4 {[%emt 0:00:53]} 14. Bh3 {[%emt 0:05:18]} Rc7 {[%emt 0:14:17]} 15. Nb5 {[%emt 0:01:34]} Rxc1 {[%emt 0:00:35]} 16. Qxc1 {[%emt 0:00:09]} Bc5 {[%emt 0:00:42]} 17. Bd4 {[%emt 0:04:37]} a6 {[%emt 0:01:46]} 18. Nc3 {[%emt 0:02:45]} Qe7 {[%emt 0:05:28]} 19. Qe3 {[%emt 0:07:23]} Bc8 {[%emt 0:07:29]} 20. Bxc5 {[%emt 0:01:26]} bxc5 {[%emt 0:02:30]} 21. Nxe4 {[%emt 0:02:18]} Qxe4 {[%emt 0:04:51]} 22. Qxe4 {[%emt 0:02:03]} Nxe4 {[%emt 0:00:24]} 23. Bxc8 {[%emt 0:00:08]} Rxc8 {[%emt 0:00:05]} 24. Rc1 {[%emt 0:02:38]} 1/2-1/2